Statistics for Extinct Animals Picture Quiz

Click here to take the quiz!

General Stats

  • This quiz has been taken 64 times
  • The average score is 6 of 8

Answer Stats

Answer% Correct
Dodo
98%
Woolly Mammoth
98%
Saber-toothed cat
96%
Tyrannosaurus Rex
91%
Tasmanian Tiger
80%
Moa
70%
Quagga
50%
Aurochs
46%

Score Distribution

Percentile by Number Answered

Percent of People with Each Score

Your Score History

You have not taken this quiz